Evolution of Scenario Planning: Theory and Practice from Disorder to Order (Record no. 43380)
[ view plain ]
| 000 -LEADER | |
|---|---|
| fixed length control field | 00462nam a22001697a 4500 |
| 005 - DATE AND TIME OF LATEST TRANSACTION | |
| control field | 20250325112132.0 |
| 008 - FIXED-LENGTH DATA ELEMENTS--GENERAL INFORMATION | |
| fixed length control field | 250325b |||||||| |||| 00| 0 eng d |
| 020 ## - INTERNATIONAL STANDARD BOOK NUMBER | |
| International Standard Book Number | 9783110792041 |
| 041 ## - LANGUAGE CODE | |
| Language code of text/sound track or separate title | Eng. |
| 082 ## - DEWEY DECIMAL CLASSIFICATION NUMBER | |
| Classification number | 658.4012 BUR |
| 100 ## - MAIN ENTRY--PERSONAL NAME | |
| Author | Burt, George |
| 245 ## - TITLE STATEMENT | |
| Title | Evolution of Scenario Planning: Theory and Practice from Disorder to Order |
| 260 ## - PUBLICATION, DISTRIBUTION, ETC. | |
| Place | Boston |
| Publisher | De Gruyter |
| Publication Year | 2023 |
| 300 ## - PHYSICAL DESCRIPTION | |
| Extent | 189;. P. 24 cm |
| 650 ## - SUBJECT ADDED ENTRY--TOPICAL TERM | |
| Subject | Business Planning |
| 942 ## - ADDED ENTRY ELEMENTS (KOHA) | |
| Koha item type | Books |
| Withdrawn status | Lost status | Source of classification or shelving scheme | Damaged status | Not for loan | Home library | Current library | Shelving location | Accession Date | Vendor | Price | Bill number | Full call number | Barcode No | Date last seen | Discount | Bill Date | Koha item type | Suggested By |
|---|---|---|---|---|---|---|---|---|---|---|---|---|---|---|---|---|---|---|
| Dewey Decimal Classification | IMTN | IMTN | Rack 28-A | 03/18/2025 | Raghav Books Private Limited | 2791.34 | 2374 | 658.4012 BUR | 33671 | 03/25/2025 | 33 | 02/14/2025 | Books | Dr. Rajnandan Patnaik |